El proceso de la investigaciòn cientìfica./ (Registro nro. 9415)

Detalles MARC
000 -LEADER
fixed length control field 01167nam a2200205Ia 4500
005 - FECHA Y HORA DE LA ÚLTIMA TRANSACCIÓN
control field 20230919085507.0
008 - FIXED-LENGTH DATA ELEMENTS--GENERAL INFORMATION
fixed length control field 230918s9999 xx 000 0 und d
020 ## - INTERNATIONAL STANDARD BOOK NUMBER
International Standard Book Number 9682439124
040 ## - CATALOGING SOURCE
Original cataloging agency UPAN
Transcribing agency Biblioteca San Vicente
Description conventions RCAA2
041 ## - LANGUAGE CODE
Language code of text/sound track or separate title spa
082 ## - DEWEY DECIMAL CLASSIFICATION NUMBER
Classification number 001.422
Item number R653p
año de publicación 2002
100 ## - MAIN ENTRY--PERSONAL NAME
Personal name Rojas Soriano, Raùl
Relator code aut.
245 #0 - TITLE STATEMENT
Title El proceso de la investigaciòn cientìfica./
Remainder of title Raúl Rojas Soriano
250 ## - EDITION STATEMENT
Edition statement 4° ed.
260 ## - PUBLICATION, DISTRIBUTION, ETC. (IMPRINT)
Place of publication, distribution, etc Mexico.:
Name of publisher, distributor, etc Trillas,
Date of publication, distribution, etc 1992
300 ## - PHYSICAL DESCRIPTION
Extent 151 p.;
Dimensions 23 cm.
505 ## - FORMATTED CONTENTS NOTE
Formatted contents note La aventura del conocimineto humano-Reflexiones sobre el proceso de la investigación cintífica-La realción sujeto cognoscente-obejtode conocimiento-Obejtividad y subjetividad del conocimiento-Los niveles de la construcción del conocimiento científico-Análisis, síntesis inducción y deducción-El proceso de abstracción del conocimiento-Construcción y comprobación de hipótesis científicas-Problemas metodologícos y técnicos en la aprehensión de la realidad social-Consideraciones finales sobre el proceso de investigación-Investigación social, ¿para quién?
650 ## - SUBJECT ADDED ENTRY--TOPICAL TERM
Source of heading or term LEMB
Topical term or geographic name as entry element Procedimiento
General subdivision Investigación
942 ## - ADDED ENTRY ELEMENTS (KOHA)
Koha item type Libros
Source of classification or shelving scheme Dewey Decimal Classification
Existencias
Withdrawn status Lost status Source of classification or shelving scheme Damaged status Not for loan Collection code Home library Current library Date acquired Total Checkouts Full call number Barcode Date last seen Copy number Price effective from Koha item type
    Dewey Decimal Classification     Colección General Biblioteca UPAN San Vicente Biblioteca UPAN San Vicente 18/09/2023   001.422 R653p 12000014 18/09/2023 01 18/09/2023 Libros
    Dewey Decimal Classification     Colección General Biblioteca UPAN San Vicente Biblioteca UPAN San Vicente 18/09/2023   001.422 R653p 12000013 19/09/2023 02 18/09/2023 Libros